000
00307 a2200109 4500
001
ART_30532
005
20260410162002.0
008
260409a
245
1
0
_a
Mercado y Estado
100
1
_a
Sandler, Guillermo Alberto
773
0
_t
Foro económico
_g
- Año II, Nº 2 (mar. 1996)
_w
REV30369
999
_c
31403
_d
31403